Statystyki dla Państwo, w którym zobaczysz antyczne ruiny.

Kliknij tutaj aby rozwiązać quiz!

Ogólne statystyki

  • Ten quiz został rozwiązany 48 razy
  • Średni wynik to 3 z 5

Statystyki odpowiedzi

Odpowiedź% Poprawnych
Włochy
93%
Grecja
89%
Egipt
72%
Cypr
28%
Tunezja
26%

Rozkład punktacji

Percentyl według liczby udzielonych odpowiedzi

Procent ludzi z każdym wynikiem

Twoja historia wyników

Nie rozwiązałeś tego quizu